000 01328nam a2200409 a 4500
008 130812s2012 ag ||||| |||| 00| 0 spa d
020 _a9789871881208
041 _aspa
092 _c612
_l13
_sCOV
245 _aElementos de fisiología humana /
_cAlfredo Coviello
250 _a2a ed.
260 _aSan Miguel de Tucumán:
_bImprenta Facultad de Ciencias Medicas;
_c2012.
300 _a347 p.
500 _aCoviello, A. et al. (2012). Elementos de fisiología humana. (2a ed.). Tucumán : Universidad Nacional de Tucumán.
653 _aFisiologia humana
653 _aEnseñanza universitaria
653 _aSistema nervioso
653 _aGlandulas de secrecion interna
653 _aAparato circulatorio
653 _aAparato respiratorio
653 _aSangre
653 _aRiñon y electrolitos
653 _aAparato digestivo
653 _aMetabolismo
653 _aValoracion bioquimica
653 _aHipotalamo
700 1 _aCoviello, Alfredo
_92587
700 1 _aAltieri, Héctor
_92588
700 1 _aDecima, Emilio Eugenio
_92589
700 1 _aDe la Serna, Fernando
_92590
700 1 _aJerez, Susana
_92591
700 1 _aLópez, Sonia Beatriz
_92592
700 1 _aLópez, Oscar Luis
_92593
700 1 _aNader, Emilio
_92594
700 1 _aPeral de Bruno, Maria
_92595
942 _2ddc
_cBK
999 _c1614
_d1614